[Event "40th Olympiad Women"]
[Site "Istanbul TUR"]
[Date "2012.08.31"]
[Round "4.12"]
[Board "4"]
[White "Sandu, Mihaela"]
[Black "Shvayger, Yuliya"]
[Result "0-1"]
[WhiteTitle "WGM"]
[BlackTitle "WFM"]
[WhiteElo "2246"]
[BlackElo "2202"]
[WhiteTeam "Romania"]
[BlackTeam "Israel"]
[WhiteFideId "1204327"]
[BlackFideId "14100126"]
[EventDate "2012.08.28"]

1. e4 c5 2. Nf3 d6 3. d4 cxd4 4. Nxd4 Nf6 5. Nc3 a6 6. Be2 e5 7. Nb3 Be7 8. Be3
O-O 9. O-O Bd7 10. Bf3 Bc6 11. a4 Nbd7 12. a5 Rc8 13. Qd3 Qc7 14. Nd2 Rfd8 15.
Nc4 Bb5 16. Nxb5 Qxc4 17. Qxc4 Rxc4 18. Na3 Rcc8 19. Bg5 h6 20. Bxf6 Nxf6 21. c4
Rd7 22. b3 Bd8 23. b4 Bc7 24. g3 Bb8 25. Bg2 Rdd8 26. f3 Ba7+ 27. Kh1 Bd4 28.
Rab1 g6 29. Rfd1 Kg7 30. Bf1 h5 31. h4 Nh7 32. Rb3 Nf8 33. Nc2 Ne6 34. Ne3 Bxe3
35. Rxe3 Nd4 36. Bd3 Rb8 37. Ra1 b6 38. b5 axb5 39. cxb5 Nb3 40. Rb1 Nxa5 41.
Bc2 Rbc8 42. Bb3 Nxb3 43. Rexb3 d5 44. exd5 Rxd5 45. R1b2 Kf6 46. Kg2 Rc1 47.
Ra3 Kf5 48. Ra7 Ke6 49. Rb7 Rd6 50. Kf2 Rcd1 51. Ke2 Rh1 52. Ke3 Rc1 53. Rb3 Rc5
54. Ke2 Rcd5 55. Ke3 f6 56. Rg7 Kf5 57. Rb7 Rc5 58. Rb8 Rcd5 59. Rb7 Rc5 60. Rb8
Ke6 61. Rb7 f5 62. Rg7 Kf6 63. Rb7 Rc4 64. Rd3 Rxd3+ 65. Kxd3 Rd4+ 66. Ke3 Rd6
67. Rc7 Ke6 68. Ke2 Kd5 69. Ke3 Re6 70. Rc8 Kd6 71. Rc6+ Kd5 72. Rc8 Rf6 73. Rc7
Re6 74. Rc8 Kd6 75. Rc6+ Kd7 76. Rc1 Rd6 77. Rc2 Re6 78. Rc3 Kd6 79. Rc6+ Kd5
80. Rc8 Rf6 81. Rc7 f4+ 82. gxf4 exf4+ 83. Kd2 Ke5 84. Ke2 Re6 85. Rf7 Rd6 86.
Re7+ Kd5 87. Rf7 Kc5 88. Rxf4 Kxb5 89. Rf8 Kb4 90. f4 Kc4 91. f5 gxf5 92. Rxf5
Rd5 93. Rf6 b5 94. Rc6+ Rc5 95. Rg6 b4 96. Rg5 Rd5 97. Ke3 b3 0-1

[Event "40th Olympiad Women"]
[Site "Istanbul TUR"]
[Date "2012.08.31"]
[Round "4.13"]
[Board "3"]
[White "Cemhan, Kardelen"]
[Black "Moncayo Romero, Evelyn"]
[Result "1/2-1/2"]
[WhiteTitle "WCM"]
[BlackTitle "WIM"]
[WhiteElo "1938"]
[BlackElo "2163"]
[WhiteTeam "Turkey"]
[BlackTeam "Ecuador"]
[WhiteFideId "6325670"]
[BlackFideId "3600424"]
[EventDate "2012.08.28"]

1. e4 c5 2. Nf3 d6 3. d4 cxd4 4. Nxd4 Nf6 5. f3 e5 6. Nb3 Be7 7. c4 O-O 8. Be3
a5 9. Nc3 a4 10. Nd2 Qa5 11. a3 Nc6 12. Bd3 Bd8 13. O-O Bb6 14. Bf2 Bxf2+ 15.
Rxf2 Nd7 16. Bc2 Nc5 17. Nf1 Nd4 18. Ne3 Be6 19. Ned5 Rfe8 20. f4 Ncb3 21. Bxb3
Nxb3 22. Rb1 exf4 23. Rxf4 Rac8 24. Qh5 Kh8 25. Rh4 h6 26. Qg5 Qc5+ 27. Kh1 Bxd5
28. Nxd5 Re6 29. Qf4 Qxc4 30. Nb6 Qc2 31. Rg1 Rc7 32. Nd5 Rd7 33. Nb6 Rc7 34.
Nd5 Rd7 35. Nb6 Rde7 36. Nd5 Rd7 1/2-1/2

[Event "40th Olympiad Women"]
[Site "Istanbul TUR"]
[Date "2012.08.31"]
[Round "4.13"]
[Board "4"]
[White "Vasquez Ramirez, Rocio"]
[Black "Menzi, Nezihe Ezgi"]
[Result "1-0"]
[WhiteTitle "WIM"]
[WhiteElo "2132"]
[BlackElo "1876"]
[WhiteTeam "Ecuador"]
[BlackTeam "Turkey"]
[WhiteFideId "3600750"]
[BlackFideId "6310060"]
[EventDate "2012.08.28"]

1. d4 Nf6 2. c4 g6 3. Nc3 Bg7 4. e4 d6 5. f4 O-O 6. Nf3 c5 7. d5 e6 8. Be2 exd5
9. cxd5 Re8 10. e5 dxe5 11. fxe5 Nfd7 12. e6 fxe6 13. O-O Nf6 14. Bc4 exd5 15.
Nxd5 Be6 16. Bg5 Nc6 17. Nxf6+ Bxf6 18. Bxe6+ Rxe6 19. Qb3 Nd4 20. Nxd4 Bxd4+
21. Kh1 Qb6 22. Qd5 Qc6 23. Qc4 b5 24. Qd3 Rae8 25. a4 Re2 26. Qh3 Rxb2 27. axb5
Qxb5 28. Bh6 Rbe2 29. Qf3 Bf2 30. Rxf2 Re1+ 31. Rf1 Qxf1+ 32. Qxf1 Rxf1+ 33.
Rxf1 a5 34. Kg1 a4 35. Ra1 Ra8 36. Kf2 Kf7 37. Ke3 Ke6 38. Kd3 Kd5 39. Kc3 Ra6
40. Rd1+ Kc6 41. Bf4 Kb5 42. Rb1+ Kc6 43. g3 Ra7 44. Kc4 Re7 45. Rb8 Re4+ 46.
Kc3 Re2 47. Rb2 Re1 48. Rd2 Rc1+ 49. Kb2 Rc4 50. Rd6+ Kb5 51. Rd7 Rb4+ 52. Ka2
c4 53. Rb7+ 1-0

[Event "40th Olympiad Women"]
[Site "Istanbul TUR"]
[Date "2012.08.31"]
[Round "4.14"]
[Board "1"]
[White "Mamedjarova, Zeinab"]
[Black "Danielian, Elina"]
[Result "1-0"]
[WhiteTitle "WGM"]
[BlackTitle "GM"]
[WhiteElo "2285"]
[BlackElo "2476"]
[WhiteTeam "Azerbaijan"]
[BlackTeam "Armenia"]
[WhiteFideId "13401521"]
[BlackFideId "13300210"]
[EventDate "2012.08.28"]

1. d4 Nf6 2. Nf3 c5 3. e3 g6 4. Be2 Bg7 5. O-O cxd4 6. exd4 O-O 7. d5 d6 8. c4
Bg4 9. Nc3 Nbd7 10. Nd4 Bxe2 11. Qxe2 Rc8 12. b3 Nc5 13. Be3 Qd7 14. h3 a6 15.
Rfc1 e5 16. dxe6 fxe6 17. Rc2 Nh5 18. Rd1 Nf4 19. Qg4 h5 20. Qg3 e5 21. Nde2 Qf5
22. Rcd2 b5 23. Bxc5 Rxc5 24. cxb5 axb5 25. b4 Rc4 26. Nxb5 Rxb4 27. Nxd6 Qe6
28. Nxf4 exf4 29. Qf3 Kh7 30. Re2 Qd7 31. Re4 Ra4 32. Rxa4 Qxa4 33. Ne4 Qxa2 34.
Ng5+ Kh6 35. h4 Qa4 36. Rd5 Re8 37. Nh3 Re4 38. Kh2 Rc4 39. Rd6 Rc3 40. Qd5 Qe8
41. Re6 Qf7 42. Ng5 Qf8 43. Ne4 Kh7 44. Nxc3 Bxc3 45. Qg5 Qg8 46. Re7+ Bg7 47.
Qxf4 Qb3 48. Qf6 Qg8 49. Qf7 Qb8+ 50. g3 Qb2 51. Kg2 Qd4 52. Qxg7+ Qxg7 53.
Rxg7+ Kxg7 54. Kf3 Kf7 55. Kf4 Kf6 56. f3 Kf7 57. Kg5 Kg7 58. f4 Kf7 59. f5 gxf5
60. Kxf5 1-0

[Event "40th Olympiad Women"]
[Site "Istanbul TUR"]
[Date "2012.08.31"]
[Round "4.14"]
[Board "3"]
[White "Mamedjarova, Turkan"]
[Black "Galojan, Lilit"]
[Result "1-0"]
[WhiteTitle "WGM"]
[BlackTitle "IM"]
[WhiteElo "2245"]
[BlackElo "2349"]
[WhiteTeam "Azerbaijan"]
[BlackTeam "Armenia"]
[WhiteFideId "13402005"]
[BlackFideId "13301314"]
[EventDate "2012.08.28"]

1. d4 d5 2. Nf3 Nf6 3. e3 e6 4. c4 c5 5. Nc3 Nc6 6. Be2 dxc4 7. Bxc4 Be7 8. O-O
cxd4 9. Nxd4 Nxd4 10. exd4 O-O 11. d5 Qc7 12. Qe2 exd5 13. Nxd5 Nxd5 14. Bxd5
Bd6 15. h3 Bd7 16. Be3 Rae8 17. Qf3 b6 18. Rfd1 Be6 19. Rac1 Qb8 20. Bxe6 Rxe6
21. Rd5 Bh2+ 22. Kh1 Be5 23. b3 Qb7 24. Rcd1 Re7 25. Qg4 Qc6 26. Rd8 Qe6 27.
Rxf8+ Kxf8 28. Qe4 f5 29. Rd8+ Kf7 30. Qh4 Qg6 31. Qc4+ Qe6 32. Rd5 Rc7 33. Rxe5
Rxc4 34. Rxe6 Rc2 35. Re5 Kf6 36. Bd4 Rd2 37. Bc3 Rc2 38. Re3+ Kf7 39. a4 Rxf2
40. Rf3 Rc2 41. Rxf5+ Ke6 42. Rf3 g6 43. Kh2 a6 44. Bd4 b5 45. axb5 axb5 46. b4
Rc4 47. Bc5 Rc2 48. Rf8 Kd5 1-0

[Event "40th Olympiad Women"]
[Site "Istanbul TUR"]
[Date "2012.08.31"]
[Round "4.14"]
[Board "4"]
[White "Kursova, Maria"]
[Black "Isgandarova, Khayala"]
[Result "1/2-1/2"]
[WhiteTitle "WGM"]
[BlackTitle "WIM"]
[WhiteElo "2338"]
[BlackElo "2205"]
[WhiteTeam "Armenia"]
[BlackTeam "Azerbaijan"]
[WhiteFideId "4129709"]
[BlackFideId "13401823"]
[EventDate "2012.08.28"]

1. d4 Nf6 2. Nf3 g6 3. c4 Bg7 4. g3 d6 5. Bg2 O-O 6. Nc3 Nc6 7. O-O a6 8. b3 Bd7
9. Bb2 Rb8 10. Rc1 b5 11. d5 Na5 12. cxb5 axb5 13. Nd4 e5 14. Nc2 Bh6 15. e3 b4
16. Ne4 Nxe4 17. Bxe4 Nb7 18. Nxb4 Nc5 19. Rxc5 dxc5 20. Na6 Rb5 21. Qc2 Qe7 22.
Rc1 Ra5 23. Nxc5 Rxa2 24. Qb1 Ra7 25. Nxd7 Qxd7 26. Bxe5 f5 27. Bf3 Bg7 28. Bxg7
Qxg7 29. Qc2 Ra1 30. Rxa1 Qxa1+ 31. Kg2 Qe5 32. h4 Kg7 33. Qc6 Rf6 34. Qd7+ Rf7
35. Qc6 Qf6 36. Qc4 Qe5 37. Qc6 Qf6 38. Qc5 Qe5 39. Be2 Rd7 40. Bf3 Rf7 41. b4
Rf6 42. Be2 h6 43. Bd3 c6 44. Bc4 g5 45. h5 f4 1/2-1/2

[Event "40th Olympiad Women"]
[Site "Istanbul TUR"]
[Date "2012.08.31"]
[Round "4.15"]
[Board "1"]
[White "Hoang, Thanh Trang"]
[Black "Ptacnikova, Lenka"]
[Result "1-0"]
[WhiteTitle "GM"]
[BlackTitle "WGM"]
[WhiteElo "2464"]
[BlackElo "2281"]
[WhiteTeam "Hungary"]
[BlackTeam "Iceland"]
[WhiteFideId "12400149"]
[BlackFideId "305650"]
[EventDate "2012.08.28"]

1. d4 Nf6 2. Nf3 e6 3. Bf4 d5 4. e3 Be7 5. Bd3 c5 6. c3 O-O 7. Nbd2 b6 8. Ne5
Bb7 9. O-O Nbd7 10. Qf3 a6 11. Rad1 b5 12. Qh3 Re8 13. Ndf3 Ne4 14. Nxd7 Qxd7
15. dxc5 Qc8 16. Bd6 Bxd6 17. cxd6 Nf6 18. Ne5 Rd8 19. Ng4 Rxd6 20. Nxf6+ 1-0

[Event "40th Olympiad Women"]
[Site "Istanbul TUR"]
[Date "2012.08.31"]
[Round "4.15"]
[Board "3"]
[White "Gara, Anita"]
[Black "Johannsdottir, Johanna Bjorg"]
[Result "1/2-1/2"]
[WhiteTitle "IM"]
[WhiteElo "2306"]
[BlackElo "1886"]
[WhiteTeam "Hungary"]
[BlackTeam "Iceland"]
[WhiteFideId "709751"]
[BlackFideId "2303108"]
[EventDate "2012.08.28"]

1. e4 c5 2. Nf3 g6 3. d4 cxd4 4. Nxd4 Nc6 5. c4 Bg7 6. Be3 Nf6 7. Nc3 Ng4 8.
Qxg4 Nxd4 9. Qd1 Ne6 10. Rc1 b6 11. Qd2 Bb7 12. f3 d6 13. Be2 Rc8 14. O-O O-O
15. b3 Nc5 16. Rfd1 Qd7 17. Bf1 Rfd8 18. Rc2 Ba8 19. Qf2 Qb7 20. b4 Ne6 21. Nd5
Re8 22. Bd3 Nd8 23. f4 Nc6 24. a3 e6 25. Nc3 Qe7 26. Re1 Qf6 27. Nb5 Red8 28.
Rd1 a6 29. Nc3 Nd4 30. Rcc1 Nb3 31. Rc2 Nd4 32. Rcc1 Nb3 33. Rc2 Nd4 34. Rcc1 1/2-1/2

[Event "40th Olympiad Women"]
[Site "Istanbul TUR"]
[Date "2012.08.31"]
[Round "4.15"]
[Board "4"]
[White "Finnbogadottir, Tinna Kristin"]
[Black "Papp, Petra"]
[Result "0-1"]
[BlackTitle "WGM"]
[WhiteElo "1832"]
[BlackElo "2302"]
[WhiteTeam "Iceland"]
[BlackTeam "Hungary"]
[WhiteFideId "2300214"]
[BlackFideId "739049"]
[EventDate "2012.08.28"]

1. e4 e5 2. Nf3 Nc6 3. Bc4 Bc5 4. O-O Nf6 5. d4 Bxd4 6. Nxd4 Nxd4 7. f4 d6 8.
fxe5 dxe5 9. Bg5 Qe7 10. c3 Ne6 11. Bxe6 Bxe6 12. Kh1 Qd7 13. Qf3 O-O-O 14. Na3
Qd3 15. Bxf6 Qxf3 16. Rxf3 gxf6 17. Rf2 Rd3 18. Re2 Rhd8 19. Kg1 Rd1+ 20. Rxd1
Rxd1+ 21. Kf2 Bxa2 22. Kg3 Rf1 23. Kg4 Bb3 24. Kg3 c6 25. Nc2 Bxc2 26. Rxc2 Rf4
27. Re2 h5 28. h3 Kd7 29. Kh2 f5 30. exf5 Rxf5 31. Re4 Ke6 32. b3 Rf2 33. Rh4
Rc2 34. c4 Rb2 35. Rxh5 Rxb3 36. Rg5 Rb4 37. h4 Rxc4 38. g3 Rd4 39. Rg8 f6 40.
h5 Rd7 41. Rh8 Kf5 42. Kh3 Kg5 43. h6 Kg6 44. Kg4 f5+ 45. Kf3 Rh7 46. Re8 Kxh6
47. Rxe5 Kg5 48. Re8 Rd7 49. Rg8+ Kf6 50. Rf8+ Ke6 51. Ke3 c5 52. Rh8 c4 53. Rg8
b5 0-1

[Event "40th Olympiad Women"]
[Site "Istanbul TUR"]
[Date "2012.08.31"]
[Round "4.16"]
[Board "1"]
[White "Franciskovic, Borka"]
[Black "Bjerke, Silje"]
[Result "1/2-1/2"]
[WhiteTitle "WIM"]
[BlackTitle "WIM"]
[WhiteElo "2258"]
[BlackElo "2235"]
[WhiteTeam "Croatia"]
[BlackTeam "Norway"]
[WhiteFideId "14507943"]
[BlackFideId "1502786"]
[EventDate "2012.08.28"]

1. c4 Nf6 2. Nf3 g6 3. g3 Bg7 4. Bg2 O-O 5. O-O d6 6. Nc3 Nc6 7. d4 a6 8. d5 Na5
9. Nd2 c5 10. Qc2 Rb8 11. b3 b5 12. Bb2 bxc4 13. bxc4 Bh6 14. f4 Bg7 15. Rab1
Bd7 16. h3 h5 17. e4 Nh7 18. Nd1 Bxb2 19. Rxb2 Rb4 20. Rxb4 cxb4 21. c5 Bb5 22.
Rf2 dxc5 23. Qxc5 Qd6 24. Qxd6 exd6 25. e5 Re8 26. Ne4 Nb7 27. Ne3 dxe5 28. f5
Rd8 29. fxg6 fxg6 30. Rc2 Rd7 31. h4 Nd6 32. Bh3 Nxe4 33. Bxd7 Bxd7 34. Nc4 Bf5
35. Nxe5 Nhf6 36. Rc6 Nxd5 37. Rxa6 Kg7 38. Kh2 Nec3 39. Nc6 Bb1 40. Ra7+ Kf6
41. a3 bxa3 42. Rxa3 Kf5 43. Ra8 Nf6 44. Ra5+ Ncd5 45. Ne7+ Ke6 46. Nxd5 Nxd5
47. Kg2 Be4+ 48. Kf2 Kf5 49. Ra4 Nf6 50. Ra5+ Bd5 51. Kg1 Ke5 52. Ra6 Be4 53.
Ra4 Ng4 54. Rb4 Kf5 55. Rb5+ Ne5 56. Kf2 Bd3 57. Rb4 Ng4+ 58. Kf3 Ke5 1/2-1/2

[Event "40th Olympiad Women"]
[Site "Istanbul TUR"]
[Date "2012.08.31"]
[Round "4.16"]
[Board "2"]
[White "Hagesaether, Ellen"]
[Black "Golubenko, Valentina"]
[Result "1/2-1/2"]
[WhiteTitle "WIM"]
[BlackTitle "WGM"]
[WhiteElo "2230"]
[BlackElo "2297"]
[WhiteTeam "Norway"]
[BlackTeam "Croatia"]
[WhiteFideId "1501909"]
[BlackFideId "4501993"]
[EventDate "2012.08.28"]

1. e4 e6 2. d3 d5 3. Nd2 Nf6 4. Ngf3 Be7 5. g3 dxe4 6. dxe4 Nc6 7. Bg2 e5 8. O-O
Bg4 9. h3 Bh5 10. c3 O-O 11. Qc2 Qd7 12. b4 a6 13. Re1 Rfd8 14. Bf1 h6 15. Nh4
Nh7 16. Nf5 Bg5 17. g4 Bxd2 18. Rd1 Bg6 19. Bxd2 Qe6 20. Be3 Nf6 21. a3 Qe8 22.
Ng3 Nd5 23. Qc1 Nf6 24. f3 Rxd1 25. Qxd1 Rd8 26. Qb3 Nh7 27. h4 Nf8 28. h5 Bh7
29. Rd1 Ne6 30. Rxd8 Qxd8 31. Qc2 Qf6 32. Qd1 Ng5 33. Kg2 Qe6 34. Qd2 Qf6 35.
Be2 Ne6 36. Qd7 Qd8 37. Qxd8+ Ncxd8 38. Bc4 Kf8 39. a4 Ke7 40. Kf2 Kd6 41. Ke1
c6 42. Bb6 Kd7 43. Kd2 Ng5 44. Ke3 Nde6 45. Ne2 g6 46. hxg6 Bxg6 47. Ng3 Nf4 48.
Bc5 b5 49. axb5 axb5 50. Bb3 Nge6 51. Bb6 f6 52. Kd2 Ng5 53. Bd1 h5 54. gxh5
Nxh5 55. Nxh5 Bxh5 56. Ke3 Ne6 57. Be2 Nf4 58. Bf1 Bf7 59. Bc5 Ke8 60. Kf2 Ne6
61. Be3 Ke7 62. Bh3 Kd6 63. Bxe6 1/2-1/2

[Event "40th Olympiad Women"]
[Site "Istanbul TUR"]
[Date "2012.08.31"]
[Round "4.16"]
[Board "3"]
[White "Jelica, Mara"]
[Black "Sahl, Sheila Barth"]
[Result "1/2-1/2"]
[WhiteTitle "WIM"]
[BlackTitle "WIM"]
[WhiteElo "2258"]
[BlackElo "2235"]
[WhiteTeam "Croatia"]
[BlackTeam "Norway"]
[WhiteFideId "14504111"]
[BlackFideId "1500953"]
[EventDate "2012.08.28"]

1. e4 c5 2. Nc3 e6 3. f4 d5 4. Nf3 d4 5. Ne2 Nf6 6. Ng3 Nc6 7. Bb5 Bd7 8. O-O a6
9. Be2 Qc7 10. d3 Be7 11. Qe1 O-O 12. Bd2 Ne8 13. Bd1 f5 14. c3 dxc3 15. Bxc3
fxe4 16. Ne5 exd3 17. Nxd3 c4 18. Ne5 Nxe5 19. fxe5 Qc5+ 20. Kh1 Rxf1+ 21. Qxf1
Nc7 22. Ne4 Qe3 23. Qxc4 Rf8 24. Bg4 Nd5 25. Re1 Qh6 26. Bd2 Qg6 27. Bf3 Bc6 28.
Ng3 Bg5 29. Bxg5 Qxg5 30. Ne4 Qxe5 31. Qc1 Nf4 32. Ng3 Qb5 33. Bxc6 bxc6 34. Qd2
Nd3 35. Rxe6 Qd5 36. Re2 Qxa2 37. h3 Qd5 38. Qe3 Nf4 39. Rd2 Qg5 40. Qb3+ Kh8
41. Rf2 Qc5 42. Ne4 Qc1+ 43. Kh2 h6 44. Qa3 Re8 45. Ng3 Nd5 46. Qxa6 Nf6 47. Qa4
Re1 48. Qd4 Qg5 49. Rf3 Qe5 50. Qd8+ Kh7 51. Qd3+ Kh8 52. b3 Qc5 53. Nf1 Qe5+
54. Ng3 Qc5 55. Rf1 Rxf1 56. Qxf1 h5 57. Qf4 Qd5 58. b4 Kg8 59. Nf5 Kf7 60. Ne3
Qe4 61. Qc7+ Kg6 62. Qg3+ 1/2-1/2

[Event "40th Olympiad Women"]
[Site "Istanbul TUR"]
[Date "2012.08.31"]
[Round "4.16"]
[Board "4"]
[White "Skytte, Torill"]
[Black "Berke, Ana"]
[Result "1/2-1/2"]
[BlackTitle "WFM"]
[WhiteElo "1954"]
[BlackElo "2160"]
[WhiteTeam "Norway"]
[BlackTeam "Croatia"]
[WhiteFideId "1503260"]
[BlackFideId "14510359"]
[EventDate "2012.08.28"]

1. d4 Nf6 2. Nf3 c5 3. e3 d5 4. Bd3 e6 5. b3 Bd6 6. Bb2 O-O 7. Nbd2 Nc6 8. O-O
b6 9. Ne5 Bb7 10. f4 Qe7 11. a3 Rac8 12. Qe2 Rfe8 13. Ndf3 Ne4 14. Ng5 Nxg5 15.
fxg5 Bxe5 16. dxe5 Qxg5 17. Rf3 d4 18. Rh3 g6 19. exd4 cxd4 20. Re1 Qd8 21. Qd2
f5 22. exf6 Qxf6 23. Bc4 Re7 24. Qh6 Nd8 25. Rf1 Qg7 26. Qxg7+ Rxg7 27. Bxd4 Rd7
28. Be3 b5 29. Bd3 a6 30. Rh4 Nf7 31. Rf2 1/2-1/2

[Event "40th Olympiad Women"]
[Site "Istanbul TUR"]
[Date "2012.08.31"]
[Round "4.17"]
[Board "1"]
[White "Azman Hisham, Nur Nabila"]
[Black "Petrenko, Svetlana"]
[Result "1/2-1/2"]
[WhiteTitle "WCM"]
[BlackTitle "IM"]
[WhiteElo "1910"]
[BlackElo "2199"]
[WhiteTeam "Malaysia"]
[BlackTeam "Moldova"]
[WhiteFideId "5702135"]
[BlackFideId "13900196"]
[EventDate "2012.08.28"]

1. d4 g6 2. c4 Bg7 3. Nc3 d6 4. Nf3 Bg4 5. h3 Bd7 6. e4 Nc6 7. Be3 Nf6 8. Qd2
O-O 9. Bh6 e5 10. Bxg7 Kxg7 11. dxe5 dxe5 12. Be2 Be6 13. Rd1 Qxd2+ 14. Rxd2 h6
15. O-O b6 16. Rfd1 a5 17. a4 Ne8 18. Nb5 f6 19. Ne1 Na7 20. Rc1 c5 21. Nxa7
Rxa7 22. Nf3 Rd7 23. Rcd1 Rff7 24. b3 Rxd2 25. Rxd2 Rd7 26. Rxd7+ Bxd7 27. Bd3
Nc7 28. Kh2 Ne6 29. g3 Kf7 30. Kg2 Ke7 31. Kh2 Kd6 32. Nd2 Nd4 33. f3 h5 34. Kg2
Bc6 35. Kf2 Bd7 36. Kg2 Ke6 37. Kf2 Bc6 38. Kg2 Ke7 39. Kf2 Ne6 40. Kg1 Ng5 41.
Kh2 Bd7 42. Bf1 Ne6 43. Kg2 Nd4 44. Bd3 Ne6 45. Bf1 Bc6 46. Kh2 f5 47. Bd3 Kf6
48. Kg1 Nd4 49. Kg2 Bd7 50. Kh2 Ne6 51. Be2 Bc6 52. Bd3 Bb7 53. Kh1 f4 54. g4 h4 1/2-1/2

[Event "40th Olympiad Women"]
[Site "Istanbul TUR"]
[Date "2012.08.31"]
[Round "4.17"]
[Board "2"]
[White "Baciu, Diana"]
[Black "Fong, Mi Yen"]
[Result "1-0"]
[WhiteTitle "WFM"]
[BlackTitle "WCM"]
[WhiteElo "2186"]
[BlackElo "1885"]
[WhiteTeam "Moldova"]
[BlackTeam "Malaysia"]
[WhiteFideId "13903284"]
[BlackFideId "5703522"]
[EventDate "2012.08.28"]

1. e4 e5 2. Nf3 Nc6 3. Bc4 Bc5 4. c3 Nf6 5. d3 d6 6. Bb3 O-O 7. h3 d5 8. Qe2
dxe4 9. dxe4 Qe7 10. O-O Kh8 11. Nh2 Be6 12. Bc2 Rad8 13. Nd2 g5 14. Nb3 Bb6 15.
Bxg5 Rg8 16. Bh4 Rg6 17. Qf3 Rdg8 18. Ng4 Bxg4 19. hxg4 Rh6 20. Bxf6+ Rxf6 21.
Qh3 Rfg6 22. Bd1 Qg5 23. g3 Rh6 24. Qg2 Rgg6 25. c4 Nd4 26. c5 Nxb3 27. Bxb3
Bxc5 28. Bxf7 Rb6 29. Rac1 Qe7 30. g5 Rhc6 31. Bd5 Rg6 32. Qh3 Rxg5 33. Qc8+ Kg7
34. Rc3 Rbg6 35. Kg2 c6 36. Bb3 Rf6 37. Qg8+ Kh6 38. Rh1+ Rh5 39. Rxh5+ Kxh5 40.
g4+ 1-0

[Event "40th Olympiad Women"]
[Site "Istanbul TUR"]
[Date "2012.08.31"]
[Round "4.17"]
[Board "3"]
[White "Tan, Li Ting"]
[Black "Smokina, Karolina"]
[Result "1/2-1/2"]
[BlackTitle "WGM"]
[WhiteElo "1834"]
[BlackElo "2156"]
[WhiteTeam "Malaysia"]
[BlackTeam "Moldova"]
[WhiteFideId "5704820"]
[BlackFideId "13900382"]
[EventDate "2012.08.28"]

1. d4 Nf6 2. Nf3 d6 3. c4 Nbd7 4. Nc3 e5 5. e4 c6 6. Be2 Be7 7. O-O O-O 8. Re1
Re8 9. Bf1 Qc7 10. a3 a6 11. b3 b5 12. Bb2 bxc4 13. Bxc4 Nb6 14. Be2 Bf8 15. Qc2
Bg4 16. dxe5 dxe5 17. Red1 Bxf3 18. Bxf3 Nfd7 19. Nd5 Qb7 20. Nxb6 Nxb6 21. Rac1
Rac8 22. Bg4 Rc7 23. Qe2 g6 24. Rc2 c5 25. Rdc1 h5 26. Bh3 Bh6 27. Rd1 Bg5 28.
g3 Nc8 29. Rd3 Na7 30. a4 Qb6 31. Rc4 Nc6 32. Bd7 Re7 33. Bxc6 Rxc6 34. Ba3 Rec7
35. Qc2 Be7 36. Rdc3 a5 37. Rd3 Rb7 38. Rdc3 1/2-1/2

[Event "40th Olympiad Women"]
[Site "Istanbul TUR"]
[Date "2012.08.31"]
[Round "4.17"]
[Board "4"]
[White "Hincu, Olga"]
[Black "Camilia, Bt. Johari"]
[Result "1/2-1/2"]
[WhiteElo "1931"]
[BlackElo "1778"]
[WhiteTeam "Moldova"]
[BlackTeam "Malaysia"]
[WhiteFideId "13904108"]
[BlackFideId "5704677"]
[EventDate "2012.08.28"]

1. d4 d5 2. Nf3 Nf6 3. c4 c6 4. e3 e6 5. Nbd2 Nbd7 6. Bd3 Bd6 7. b3 e5 8. cxd5
Nxd5 9. O-O O-O 10. Nc4 Qc7 11. Nxd6 Qxd6 12. Bb2 exd4 13. Nxd4 Ne5 14. Nf5 Qc7
15. Bxe5 Qxe5 16. Qh5 Kh8 17. Qf3 Be6 18. Nd4 Bd7 19. Rad1 Nf6 20. h3 Rad8 21.
Qe2 Rfe8 22. Rfe1 g6 23. f4 Qc5 24. Qb2 Kg8 25. b4 Qb6 26. a4 Nd5 27. a5 Qxb4
28. Qxb4 Nxb4 29. Bc4 Nd5 30. Bxd5 cxd5 31. Nb3 Bf5 32. Nc5 b6 33. axb6 axb6 34.
Na4 Bc2 35. Rd4 Bxa4 36. Rxa4 d4 37. Rb4 d3 38. Kf2 Re6 39. Rd1 Red6 40. Rd2 Kf8
41. Kf3 Ke7 42. e4 f6 43. Ke3 Ke6 44. Rb3 h5 45. g3 R8d7 46. Rb5 1/2-1/2

[Event "40th Olympiad Women"]
[Site "Istanbul TUR"]
[Date "2012.08.31"]
[Round "4.18"]
[Board "1"]
[White "Matnadze, Ana"]
[Black "Exler, Veronika"]
[Result "1-0"]
[WhiteTitle "IM"]
[BlackTitle "WFM"]
[WhiteElo "2422"]
[BlackElo "2103"]
[WhiteTeam "Spain"]
[BlackTeam "Austria"]
[WhiteFideId "13601377"]
[BlackFideId "1620550"]
[EventDate "2012.08.28"]

1. d4 d5 2. g3 Nf6 3. Bg2 c6 4. Nf3 Bf5 5. O-O h6 6. c4 e6 7. Nc3 Nbd7 8. Nd2
Be7 9. e4 Nxe4 10. Ndxe4 dxe4 11. Nxe4 O-O 12. Be3 Nf6 13. Nc3 Qa5 14. a3 Rfd8
15. b4 Qc7 16. Qe2 Rac8 17. Rfc1 Qd7 18. h3 b6 19. Rd1 Qe8 20. Bf4 Rd7 21. g4
Bg6 22. Ra2 Qd8 23. Rad2 Bd6 24. Be5 Qc7 25. f4 Rcd8 26. Qf3 Rc8 27. Qf2 Rcd8
28. b5 c5 29. Bxd6 Rxd6 30. d5 Kh8 31. a4 exd5 32. cxd5 Re8 33. f5 Bh7 34. Qf4
Qd8 35. Bf3 Bg8 36. h4 Qe7 37. Re2 Qd8 38. Rg2 Qe7 39. Re2 Qd8 40. Rde1 Rxe2 41.
Rxe2 Ne8 42. g5 Nc7 43. Rg2 Bh7 44. f6 gxf6 45. gxh6 f5 46. Qg5 Qxg5 47. hxg5
Kg8 48. Kf2 Bg6 49. Ke3 Rd7 50. Kf4 Ne8 51. a5 Kh7 52. Ra2 f6 53. gxf6 Nxf6 54.
axb6 axb6 55. Ra6 Rd6 56. Ke5 Ne8 57. Ra8 Rd7 58. Rb8 Ra7 59. d6 Nxd6 60. Kxd6
Ra3 61. Nd5 Rxf3 62. Rxb6 c4 63. Rc6 Rd3 64. Ke5 Rb3 65. b6 Rb5 66. Kd4 Rb1 67.
Nc3 Rb2 68. Kxc4 Kxh6 69. Nb5 Kg5 70. b7 Be8 71. Rb6 Bf7+ 72. Kc3 Rb3+ 73. Kc2 1-0

[Event "40th Olympiad Women"]
[Site "Istanbul TUR"]
[Date "2012.08.31"]
[Round "4.18"]
[Board "2"]
[White "Kopinits, Anna-Christina"]
[Black "Alexandrova, Olga"]
[Result "0-1"]
[WhiteTitle "WIM"]
[BlackTitle "IM"]
[WhiteElo "2234"]
[BlackElo "2417"]
[WhiteTeam "Austria"]
[BlackTeam "Spain"]
[WhiteFideId "1614142"]
[BlackFideId "14102463"]
[EventDate "2012.08.28"]

1. d4 d5 2. Bg5 h6 3. Bh4 c5 4. e3 Qb6 5. Nc3 e6 6. a3 cxd4 7. exd4 Bd7 8. Rb1
Nc6 9. Nf3 a6 10. b4 Bd6 11. Bg3 Bxg3 12. hxg3 Nf6 13. Na4 Qc7 14. Nc5 Nb8 15.
Ne5 b6 16. Nexd7 Nfxd7 17. Nb3 O-O 18. Bd3 e5 19. dxe5 Qxe5+ 20. Kf1 Nf6 21. Qf3
Ne4 22. Rh5 f5 23. g4 Ng5 24. Rxg5 hxg5 25. Bxf5 Re8 26. Bg6 Re7 27. Qh3 Re6 28.
Qh7+ Kf8 29. Kg1 Ke7 30. Nd2 Nd7 31. Nf3 Qf6 32. Bf5 Qh6 33. Qxh6 Rxh6 34. Nxg5
Rf8 35. Rd1 Kd6 36. c4 Nf6 37. Ne6 Rfh8 38. Kf1 Rh1+ 39. Ke2 Rxd1 40. Kxd1 g6
41. c5+ bxc5 42. bxc5+ Ke7 43. Nf4 Rh1+ 44. Ke2 gxf5 45. g5 Ne4 0-1